Central Europe - Countries - Statistics

General Stats
  • This quiz has been taken 26 times
  • The average score is 6 of 7
Answer Stats
Countries % Correct
Poland
95%
Slovakia
89%
Czech republic
84%
Slovenia
84%
Austria
79%
Germany
79%
Hungary
79%
No matching quizzes found
Score Distribution
Percent of People with Each Score
Percentile by Number Answered
Your Score History
You have not taken this quiz